De la lógica del sacrificio a la realización humana
Gardado en:
| Autor Corporativo: | |
|---|---|
| Formato: | Procedimiento de la Conferencia |
| Idioma: | Spanish |
| Publicado: |
San José:
DEI,
1990
|
| Materias: | |
| Etiquetas: |
Engadir etiqueta
Sen Etiquetas, Sexa o primeiro en etiquetar este rexistro!
|
MARC
| LEADER | 00000 a2200000 04500 | ||
|---|---|---|---|
| 003 | cru IIS | ||
| 005 | 20220418121757.0 | ||
| 008 | 220418s1990 cr |||||r|||| 00| 0|spa d | ||
| 040 | |c cru IIS | ||
| 090 | |a 10739.01-04 | ||
| 111 | 1 | |9 10374 |a Encuentro de Economía, Teología y Política |c (Alajuela, Costa Rica: |d 1989 septiembre 26-29) | |
| 245 | |a De la lógica del sacrificio a la realización humana | ||
| 260 | |a San José: |b DEI, |c 1990 | ||
| 300 | |a 42 páginas | ||
| 650 | 0 | |9 4606 |a TEOLOGIA | |
| 650 | 0 | |9 4723 |a ECONOMIA POLITICA | |
| 942 | |2 ddc |c LI | ||
| 999 | |c 44175 |d 44175 | ||
